01446nac a22003497a 4500001001000000003000900010005001700019008003400036040005400070072000800124090001900132100002200151100001500173100002000188100002000208100002400228110012900252245010800381246010500489260003500594300000900629490014500638650002000783650001200803650002300815650001000838650001900848909004700867942001700914999001900931952014600950BR8100939BR-BrBNA20240105114923.0230509b bl.|||m| |||| 00| 0 por d aBR-BrBNAbporcBiblioteca Nacional de Agricultura aE70 a1126 BR81009391 aFernandes, T.A.G.1 aVieira, A.1 aFernandes, J.C.1 aFernandes, S.G.1 aGadelha, R.S. de S.1 aEmpresa de Pesquisa Agropecuaria do Estado do Rio de Janeiro, Niteroi (Brasil). Coordenadoria de Pesquisa Agropecuaria941241 aAspectos da comercializacao de abacaxi no mercado atacadista do Rio de Janeiro [Ananas comosus; Brasil]1 a[Aspects of pineapple marketing in the wholesale markets of Rio de Janeiro [Ananas comosus; Brazil]]3 aNiteroi, RJ (Brasil): c1980.  a5 p. aComunicado Tecnico - Empresa de Pesquisa Agropecuaria do Estado do Rio de Janeiro. Coordenadoria de Pesquisa Agropecuaria (Brazil)vno. 62x aComercializacao aAbacaxi aMercado atacadista aPreco aRio de Janeiro a202312bLúcia Elandec55dLúcia Elande 2AGRISn0cMS c272048d272048 002AGRIS40708Acervo Gerala41918b41918cAGROBASEl0o1126 BR8100939p1126 BR8100939r2023-12-18yMSePortaria Interministerial nº 164/94